Responses for show #5711 - Monday, June 8, 2009

Ask Alex #20: Car.

Contestants

Cindy Wassouf, an underwriter from New Hartford, Connecticut

Baltazar Pinedo, a bilingual language development specialist from Modesto, California

Andrew Schwartz, an independent filmmaker from Miami, Florida (whose 2-day cash winnings total $31,988)

Jeopardy! Round responses

THAT'S HISTORIC
TOON TUNES
(Alex: You identify the movie for us.)
POTPOURRI
COP TALK
"UTTER" YOUR RESPONSE
BODIES OF WATER
    $200 16
Gettysburg

Baltazar
    $200 1
The Lion King

Andrew
    $200 6
Doc Holliday

Cindy
    $200 26
a deadly weapon

Cindy
    $200 11
the gutter

Andrew
    $200 21
the Pacific

Baltazar
    $400 17
Mark Antony & Cleopatra

Baltazar
    $400 2
Toy Story

Cindy
    $400 7
Capricorn

Cindy
    $400 27
an all-points bulletin

Andrew
    $400 12
butter

Andrew
    $400 22
Lake Huron

Baltazar
    $600 18
the feudal system

Andrew
    $600 3
Lady and the Tramp

Baltazar
    $600 8
antilock brakes (ABS)

Cindy
    $600 28
explosive (explosives accepted)

Baltazar
    $600 13
stutter (or sputter)

Baltazar
    $600 23
Maracaibo

Baltazar
    $800 19
papyrus

Baltazar
    $800 4
(Baltazar: What is Sgt. Pepper's Lonely Heart Club Band?)
(Alex: Mm...)
(Baltazar: Sorry--what is--)
(Alex: No.)
(Baltazar: What is...)

Yellow Submarine

AndrewBaltazar
    $800 9
the steeplechase

Triple Stumper
    $800 29
(Baltazar: Notice to [*].)
[Accepted without a reminder of phrasing]

appear

Baltazar
    $800 14
flutter

Andrew
    $1,000 24
(Baltazar: What is the Bosporus?)

the Hellespont (or the Dardanelles)

Baltazar
    $1000 20
Karl Marx

Baltazar
    $1000 5
An American Tail

Cindy
    $1000 10
(Baltazar: What is, uh, Czechoslovakia?)

Russia

Baltazar
Triple Stumper
    $1000 30
law enforcement officers

Andrew
    $1000 15
clutter

Baltazar
    $1000 25
(Alex: Yes. You were--you were going the wrong direction with the previous response, that's all.)
(Baltazar: I was, the first one.)

the Bosporus

Baltazar

Scores at the first commercial break (after clue 15):

Andrew Baltazar Cindy
$2,400 $400 $2,600

Scores at the end of the Jeopardy! Round:

Andrew Baltazar Cindy
$4,400 $5,400 $2,800

Double Jeopardy! Round responses

POETRY IN EARLY AMERICA
HISTORY A LA JACK BAUER
(Alex: ...the lead character in that popular TV series 24.)
BUSINESS & INDUSTRY
FLOWER NAMES
CROSSWORD CLUES "O"
BODIES IN WATER
    $400 26
Boston

Baltazar
    $400 21
[Alex begins the category in a gruff Jack Bauer voice, but gradually abandons the pretense.]

Manuel Noriega

Baltazar
    $400 1
Coca-Cola

Andrew
    $400 16
a gardenia

Cindy
    $400 6
omen

Cindy
    $400 11
Michael Phelps

Baltazar
    $800 27
Poor Richard

Andrew
    $800 22
(Alex: Which king is down? "My kingdom for a horse." [*].)

Richard III

Triple Stumper
    $800 2
Mazda

Baltazar
    $800 17
a sunflower

Andrew
    $800 7
ovum

Cindy
    $800 12
Mark Spitz

Cindy
    $4,000 28
(Andrew: Who is Scott?)
...
(Andrew: It's the other one. I knew it.)
[The end-of-round signal sounds.]

Sir Walter Raleigh

Andrew
    $1200 23
Mexico

Baltazar
    $1200 3
T-Mobile

Baltazar
    $1200 18
gladiola

Cindy
    $1200 8
oboe

Baltazar
    $2,000 13
Janet Evans

Cindy
    $1600 24
Franco

Baltazar
    $1600 4
Apple

Baltazar
    $1600 19
(Andrew: What is the poppy?)
(Alex: Be more specific.)
(Andrew: Not sure.)

the opium poppy

Andrew
Triple Stumper
    $1600 9
open

Baltazar
    $1600 14
Greg Louganis

Cindy
    $2000 25
Caligula

Andrew
    $2000 5
(Baltazar: What is Google?)

Marvel Comics (or Marvel Entertainment)

AndrewBaltazar
    $2000 20
iris

Cindy
    $2000 10
Oneida

Triple Stumper
    $2000 15
(Alex: She was also on Celebrity Jeopardy!--[*].)

Summer Sanders

Triple Stumper

Scores at the end of the Double Jeopardy! Round:

Andrew Baltazar Cindy
$4,800 $13,800 $12,000

[wagering suggestions for these scores]

Final Jeopardy! Round responses

ACTING FAMILIES
(Alex: The father played Ronald Reagan, and the son played a more recent president.)
...
(Alex: James [*] played Ronald Reagan. Josh [*] played "W.", President Bush.)
AndrewWhat is Sheen?
$4,799
CindyWhat is Douglas?
$11,900
BaltazarWhat is Bridges?
$13,000
Brolin

Final scores:

Andrew Baltazar Cindy
$1 $800 $100
3rd place: $1,000 New champion: $800 2nd place: $2,000

Game dynamics:

Coryat scores:

Andrew Baltazar Cindy
$8,800 $14,800 $11,200
13 R,
2 W
(including 1 DD)
23 R,
4 W
(including 1 DD)
14 R
(including 1 DD),
0 W

Combined Coryat: $34,800

The J! Archive is created by fans, for fans. The Jeopardy! game show and all elements thereof, including but not limited to copyright and trademark thereto, are the property of Jeopardy Productions, Inc. and are protected under law. This website is not affiliated with, sponsored by, or operated by Jeopardy Productions, Inc. Join the discussion at JBoard.tv.